Nauru pour les touristes... - Statistiques

Statistiques générales
  • Ce quiz a été pris 25 fois
  • Le résultat moyen est 9 sur 21
Statistiques - réponses
Question Indice Réponses % Correct
Le principal aéroport est N Nauru
93%
Quelles sont les langues officielles ? Anglais
86%
Avez-vous besoin d'un visa ? (oui/non) oui
71%
Dans la capitale y-a-t-il un décalage horaire avec Paris ? (oui/non) Oui
71%
La conduite se fait à droite ou à gauche ? Gauche
57%
A quelle région appartient ce pays M Micronésie
57%
La vitesse est limitée à {50} km/h
50%
Le suffixe internet est nr
50%
Achats à faire 2/ Pour les philatélistes Timbres
50%
Quelles sont les langues officielles ? Nauruan
43%
Achats à faire 1/ Clichés Photos
43%
Combien d'heures (environ) mettrez-vous pour vous y rendre ? (en chiffres) 34
36%
Quelles sont les principaux lieux touristiques ? G Bâtiment du {Gouvernement}
36%
La religion majoritaire est C Catholicisme
36%
Achats à faire 3/ Objets issu des coquillages en... Nacre
36%
Comment se nomme la principale compagnie aérienne locale UA United Airlines
14%
Quelle est la monnaie ? Dollar australien
7%
Quelles sont les principaux lieux touristiques ? B Lagune {Buada}
7%
Quel est le climat local ? TM Tropical marin
7%
Quelles sont les principaux lieux touristiques ? A Baie d'{Anibare}
0%
Quelles sont les principaux lieux touristiques ? A Port d'{Aiwo}
0%
Aucun quiz correspondant
Distribution des résultats
% des personnes avec chaque résultat
Percentile par nombre de réponses
Votre historique - résultats
Vous n’avez pas pris ce quiz